Education for incarcerated juveniles: A meta-analysis

Saved in:  
Bibliographic Details
Authors: Steele, Jennifer L. (Author) ; Davis, Lois M. (Author) ; Bozick, Robert (Author)
Format: Electronic Article
Language:English
Published: 2016
In: Journal of education for students placed at risk
Year: 2016, Volume: 21, Issue: 2, Pages: 65-89
Online Access: Volltext (lizenzpflichtig)
Check availability: HBZ Gateway

MARC

LEADER 00000caa a22000002c 4500
001 191252743X
003 DE-627
005 20250115054946.0
007 cr uuu---uuuuu
008 241217s2016 xx |||||o 00| ||eng c
024 7 |a 10.1080/10824669.2015.1133308  |2 doi 
035 |a (DE-627)191252743X 
035 |a (DE-599)KXP191252743X 
040 |a DE-627  |b ger  |c DE-627  |e rda 
041 |a eng 
084 |a 2,1  |2 ssgn 
100 1 |a Steele, Jennifer L.  |e VerfasserIn  |4 aut 
245 1 0 |a Education for incarcerated juveniles: A meta-analysis 
264 1 |c 2016 
336 |a Text  |b txt  |2 rdacontent 
337 |a Computermedien  |b c  |2 rdamedia 
338 |a Online-Ressource  |b cr  |2 rdacarrier 
700 1 |a Davis, Lois M.  |e VerfasserIn  |4 aut 
700 1 |a Bozick, Robert  |e VerfasserIn  |4 aut 
773 0 8 |i Enthalten in  |t Journal of education for students placed at risk  |d New York, NY : Routledge, Taylor and Francis Group, 1996  |g 21(2016), 2, Seite 65-89  |h Online-Ressource  |w (DE-627)320467236  |w (DE-600)2008050-5  |w (DE-576)273865633  |x 1532-7671  |7 nnas 
773 1 8 |g volume:21  |g year:2016  |g number:2  |g pages:65-89 
787 0 8 |i Forschungsdaten  |a DeComo, Robert  |t Evaluation of Florida's Avon Park Youth Academy and STREET Smart Program, 2002-2008  |d [Erscheinungsort nicht ermittelbar] : [Verlag nicht ermittelbar], 2018  |w (DE-627)1840041390 
856 4 0 |u https://doi.org/10.1080/10824669.2015.1133308  |x Resolving-System  |z lizenzpflichtig  |3 Volltext  |7 1 
935 |a mkri 
951 |a AR 
ELC |a 1 
LOK |0 000 xxxxxcx a22 zn 4500 
LOK |0 001 4637492939 
LOK |0 003 DE-627 
LOK |0 004 191252743X 
LOK |0 005 20241217044355 
LOK |0 008 241217||||||||||||||||ger||||||| 
LOK |0 035   |a (DE-2619)ICPSR132703 
LOK |0 040   |a DE-2619  |c DE-627  |d DE-2619 
LOK |0 092   |o n 
LOK |0 852   |a DE-2619 
LOK |0 852 1  |9 00 
LOK |0 935   |a nacp 
LOK |0 939   |a 17-12-24  |b l01 
ORI |a SA-MARC-krimdoka001.raw